Alternate Fast Food Brands - Statistics

General Stats
  • This quiz has been taken 39 times
  • The average score is 8 of 14
Answer Stats
Alternate Name Answer % Correct
Slider Monarch Burger King
88%
Enter-and-Exit In-n-Out
88%
JaggerTrump's McDonald's
82%
Burrito Gong Taco Bell
79%
Albuquerque Boiled Turkey Kentucky Fried Chicken
76%
John in a Crate Jack in the Box
68%
Pentagon Dudes Five Guys
65%
Milk Empress Dairy Queen
56%
Pie Shack Pizza Hut
50%
Overground Subway
47%
Dippin' Fritters Dunkin Donuts
44%
Polar Bear Rush Panda Express
26%
Tiles Domino's
12%
Explode Lookers Popeyes
3%
No matching quizzes found
Score Distribution
Percent of People with Each Score
Percentile by Number Answered
Your Score History
You have not taken this quiz